000 00725nam a2200217Ia 4500
003 OSt
005 20230529115907.0
008 210423s1993 xx 000 0 und d
040 _cAL
041 _aeng
082 _a340 PYAK
_223
100 _aPYARI (Radha)
_9115828
245 _aKarnataka shops and commercial establishments act 1961 and rules 1963: karnataka labour welfare fund act 1965 and rules 1968
260 _aBangalore
_bSun Publications
_c1993
300 _avi,154
365 _b100
_cINR
650 _aLaw
_9115829
650 _aSocial Sciences
_9115830
906 _a1961 ; 1963: ; 1965 ; 1968 ; act ; commercial ; establishments ; fund ; Karnataka ; labour ; rules ; shops ; welfare
942 _2ddc
_cBK
999 _c173558
_d173558